000 00513nam a2200133 a 4500
001 000040685
005 20201002034313.0
008 130905s2013 dr ad 000 0 spa d
040 _aDO-SdBNP
_bspa
_cBNPHU
245 0 0 _aCentro de intervención conductual para hombre :
_baportes y desafíos para la intervención con hombres agresores /.
260 _aSanto Domingo :
_bONU Mujeres :
_bFondo de las Naciones Unidas,
_c2013.
300 _a44 p. :
_bil., gráf. ;
_c29 cm.
710 2 _aFondo de las Naciones Unidas
_967057
999 _c40175
_d40175